Kvalita veľkých dát v doméne energetiky

Uložené v:
Podrobná bibliografia
Hlavný autor: Páleník, Peter (Autor)
Ďalší autori: Andrejčíková, Nadežda (Vedúci práce)
Médium: Rukopis Kniha
Jazyk:Slovak
Vydavateľské údaje: 2016
Predmet:
On-line prístup:http://is.stuba.sk/zp/portal_zp.pl?podrobnosti=110134
Tagy: Pridať tag
Žiadne tagy, Buďte prvý, kto otaguje tento záznam!

MARC

LEADER 00000ntm a22000003a 4500
001 stuzp59011
003 SK-STU
005 20160719155732.9
007 ta
008 150427s2015----xo-----f-mn---000-0-slo-d
040 |a STU  |b slo 
041 0 |a slo 
100 1 |a Páleník, Peter  |u 070200  |k Z4  |4 aut  |U FIIT Fakulta informatiky a informačných technológií  |T FIIT Ústav informatiky, informačných systémov a softvérového inžinierstva  |X 5727  |U I200  |Y 179  |7 A000005727 
242 0 1 |a Big data quality in energetics  |y eng 
245 1 0 |a Kvalita veľkých dát v doméne energetiky 
260 |c 2016 
650 4 |a Energetika  |2 slo 
650 4 |a Velke dáta  |2 slo 
650 4 |a Kvalita dát  |2 slo 
650 4 |a Big data  |2 eng 
650 4 |a Data quality  |2 eng 
650 4 |a Energetics  |2 eng 
700 1 |a Andrejčíková, Nadežda  |u 070200  |k Z8  |4 ths  |U FIIT Fakulta informatiky a informačných technológií  |T FIIT Ústav informatiky, informačných systémov a softvérového inžinierstva  |X 38835  |U I200  |Y 179  |7 A000038835 
856 4 |u http://is.stuba.sk/zp/portal_zp.pl?podrobnosti=110134 
996 |b 8234  |c I* DIP 58/2016  |l II680  |s P  |a 0  |w stuzp59011_0001 
SQL |a stuzp59011  |b DDP  |c SLO  |d Kvalita veľkých dát v doméne energetiky  |e 5727  |f Páleník, Peter  |g 070200  |h 38835  |i Andrejčíková, Nadežda  |j 20160613  |k 205  |l 07  |m http://is.stuba.sk/zp/portal_zp.pl?podrobnosti=110134  |n I-IS2  |o 9.2.6. informačné systémy